000 00437nam a2200181Ia 4500
001 16159
005 20260306170249.0
008 260306t2014||||xx |||||||||||||| ||und||
041 _aESP
082 _a347
_bJ55
100 _aJiménez Sánchez, Guillermo J.
_eAUT
245 0 _aLecciones de derecho mercantil
260 _c2014
300 _a840 páginas :
_c24 cm.
650 _aGEN
654 _aCAN
942 _cLIB
_dJUS
_fJUS
_2ddc
_n
999 _c16159
_d16159